000 00960nam a2200253 a 4500
001 000032193
005 20200930063517.0
008 110713s1994 sp a 000 0 spa d
020 _a8400074491 (obra completa)
020 _a8400074505
040 _aDO-SdBNP
_bspa
_cBNPHU
082 _axxx
_bxxxx
100 1 _aMaza Lasoli, Regina Sáinz de la
_958270
245 1 3 _aEl monasterio de Suena :
_bcatálogo de documentos del archivo de la corona de Aragón /
_cRegina Sáinz de la Maza Lasoli.
260 _aBarcelona, España :
_bConsejo de Superior de Investigaciones Científicas ;
_bInstitución Milá y Fontanals,
_c1994.
300 _av. ;
_c25 cm.
500 _aIncluye notas al pie de las páginas
500 _aBibliografía :p ( xiii-xiv)
500 _aIncluye índice
505 0 _gV. 1
_t(1208-1348)
710 2 _aConsejo de Superior de Investigaciones Científicas
_958271
710 2 _aInstitución Miláy Fontanals
_958272
049 _aBNPD
999 _c31684
_d31684